000 00897nmm a2200277 a 4500
001 ocm000703585
003 TR-IsHL
005 20201028141211.0
008 131219s2002 tu tur
007 cr cn
035 _a703585
_b(N$T)
050 0 4 _aHG5706.5.A3
_bÇ35 2002
090 0 4 _aHG5706.5.A3
_bÇ35 2002
100 1 _aÇam, Serdar
245 1 0 _aHedef ihracat pazarlarının belirlenmesi
_h[electronic resource] /
_cSerdar Çam
260 _aİstanbul :
_bMÜSİAD,
_c2002
300 _a98 p.
650 4 _aEkonomi ve Finans
650 4 _aEconomics and Finance
650 0 _aYatırımlar
_x Türkiye
650 0 _aInvestments
_x Turkey
650 0 _aExports
_x Turkey
650 0 _aİhracat
_x Türkiye
650 7 _aBUSINESS & ECONOMICS / Exports & Imports
_2bisacsh
856 4 0 _uhttp://search.ebscohost.com/login.aspx?direct=true&scope=site&db=e011xww&AN=703585
999 _c7691
_d7691